[Event "14. Obert Int. Sant Marti 2012 - B"]
[Site "Barcelona ESP"]
[Date "2012.07.17"]
[Round "5.3"]
[White "Perez Garcia, Jose Miguel"]
[Black "Castellanos Rodriguez, Roberto"]
[Result "1-0"]
[WhiteElo "1967"]
[BlackElo "1869"]
[PlyCount "145"]
[EventDate "2012.07.13"]
[EventType "swiss"]
[EventRounds "9"]
[EventCountry "ESP"]
[SourceTitle "Ajedrez en Madrid"]
[Source "lmi"]
[SourceDate "2012.07.13"]
[SourceVersion "1"]
[SourceVersionDate "2019.06.21"]
[SourceQuality "1"]

1. f4 d5 2. d4 g6 3. e3 Bg7 4. Nf3 e6 5. Bd3 Ne7 6. Nbd2 b6 7. c3 O-O 8. Qe2 c5
9. O-O a5 10. Ne5 Nd7 11. Ndf3 Nf6 12. Bd2 Bb7 13. Be1 Ne4 14. Bh4 h5 15. Bxe7
Qxe7 16. Nd2 a4 17. a3 Rfd8 18. Rad1 Kh7 19. Nef3 Bh6 20. Bxe4 dxe4 21. Ng5+
Bxg5 22. fxg5 Ba6 23. Qf2 Bxf1 24. Rxf1 Ra7 25. Nxe4 cxd4 26. exd4 Kg7 27. Qf4
Rd5 28. g4 hxg4 29. Qxg4 Ra8 30. Rf3 Rh8 31. Rh3 Qd8 32. Rxh8 Qxh8 33. Ng3 Kf8
34. Qf4 b5 35. Kg2 Kg8 36. Ne4 Rf5 37. Qb8+ Kg7 38. Qxh8+ Kxh8 39. h4 Rf4 40.
Nd6 Rxh4 41. Nxf7+ Kg7 42. Ne5 Re4 43. Kf2 Rh4 44. Kg2 Rh5 45. Nf3 Kf7 46. Ne5+
Ke7 47. Nxg6+ Kd6 48. Nf4 Rxg5+ 49. Kf2 Rg4 50. Ke3 Rg1 51. Kd3 Rf1 52. Ke4
Re1+ 53. Kd3 Rb1 54. Kc2 Rf1 55. Nd3 Kd5 56. Nb4+ Kc4 57. Nc6 Rf2+ 58. Kb1 Re2
59. Ka2 Re1 60. Na7 e5 61. dxe5 Rxe5 62. Nc6 Rd5 63. Nb4 Rd6 64. Nc2 Kd3 65.
Nd4 Kc4 66. Kb1 Rh6 67. Ka2 Rh1 68. Nf5 Rh2 69. Nd6+ Kc5 70. Ne4+ Kd5 71. Nf6+
Ke5 72. Ng4+ Kd5 73. Nxh2 1-0

[Event "14. Obert Int. Sant Marti 2012 - B"]
[Site "Barcelona ESP"]
[Date "2012.07.17"]
[Round "5.4"]
[White "Lozano Diaz, Antoni"]
[Black "Garcia Lopez, Nicolas"]
[Result "1-0"]
[WhiteElo "1893"]
[BlackElo "1924"]
[PlyCount "51"]
[EventDate "2012.07.13"]
[EventType "swiss"]
[EventRounds "9"]
[EventCountry "ESP"]
[SourceTitle "Ajedrez en Madrid"]
[Source "lmi"]
[SourceDate "2012.07.13"]
[SourceVersion "1"]
[SourceVersionDate "2019.06.21"]
[SourceQuality "1"]

1. d4 Nf6 2. c4 e5 3. dxe5 Ng4 4. e3 Bc5 5. Qxg4 O-O 6. Bd3 d6 7. Qd1 dxe5 8.
Nc3 f5 9. Bc2 Qe7 10. Nd5 Qd6 11. Bd2 a5 12. a3 Nc6 13. Nf3 e4 14. Ng1 Be6 15.
Ne2 Bxd5 16. cxd5 Ne5 17. Nf4 Rf6 18. Bc3 Bb6 19. Bd4 g5 20. Ne6 Bxd4 21. exd4
Ng4 22. Bb3 Re8 23. Qc2 Re7 24. h3 Rh6 25. O-O-O Nf6 26. Qc5 1-0

[Event "14. Obert Int. Sant Marti 2012 - B"]
[Site "Barcelona ESP"]
[Date "2012.07.17"]
[Round "5.5"]
[White "Casset Bello, Elena"]
[Black "Llopis Jordan, Lluis"]
[Result "0-1"]
[WhiteElo "1920"]
[BlackElo "1754"]
[PlyCount "36"]
[EventDate "2012.07.13"]
[EventType "swiss"]
[EventRounds "9"]
[EventCountry "ESP"]
[SourceTitle "Ajedrez en Madrid"]
[Source "lmi"]
[SourceDate "2012.07.13"]
[SourceVersion "1"]
[SourceVersionDate "2019.06.21"]
[SourceQuality "1"]

1. d4 c6 2. c4 d5 3. Nf3 Nf6 4. cxd5 cxd5 5. Nc3 Nc6 6. Bf4 Bf5 7. e3 Qb6 8.
Bb5 e6 9. Qb3 Be7 10. Ne5 Rc8 11. O-O O-O 12. Na4 Qa5 13. Nc3 Nb4 14. Rac1 Bc2
15. Rxc2 Nxc2 16. a3 Nxa3 17. Ra1 Rxc3 18. bxc3 Qxb5 0-1

[Event "14. Obert Int. Sant Marti 2012 - B"]
[Site "Barcelona ESP"]
[Date "2012.07.17"]
[Round "5.6"]
[White "Vargas Ramirez, Ana Maria"]
[Black "Colom Andres, Xavier"]
[Result "1-0"]
[WhiteElo "1831"]
[BlackElo "1912"]
[PlyCount "92"]
[EventDate "2012.07.13"]
[EventType "swiss"]
[EventRounds "9"]
[EventCountry "ESP"]
[SourceTitle "Ajedrez en Madrid"]
[Source "lmi"]
[SourceDate "2012.07.13"]
[SourceVersion "1"]
[SourceVersionDate "2019.06.21"]
[SourceQuality "1"]

1. e4 c6 2. d4 d5 3. e5 Bf5 4. Nf3 e6 5. a3 c5 6. dxc5 Bxc5 7. b4 Bb6 8. Nbd2
Nc6 9. Bb5 Nge7 10. O-O O-O 11. c4 Nd4 12. Ba4 Bd3 13. c5 Nxf3+ 14. Nxf3 Bxf1
15. Bc2 Ng6 16. Ng5 Qe8 17. cxb6 Bb5 18. bxa7 h6 19. Nf3 Qd7 20. Be3 Qc7 21. a4
Bc4 22. Qd4 Ne7 23. Qh4 Ng6 24. Qg3 Be2 25. Nd4 Rfc8 26. Bxg6 Qc3 27. Bxf7+
Kxf7 28. Qf4+ Ke7 29. Rc1 Qd3 30. h3 Rxc1+ 31. Bxc1 Bd1 32. Be3 Bxa4 33. Qg4
Qd1+ 34. Qxd1 Bxd1 35. Nb5 Kd7 36. Nd6 Ba4 37. Nxb7 Kc6 38. Nd6 Bb5 39. Kh2 Bd3
40. Kg3 Rf8 41. Bc5 Ra8 42. Kg4 Ba6 43. f4 Bb7 44. Kh5 Rf8 45. g3 g5 46. Nxb7
Kxb7 1-0

[Event "14. Obert Int. Sant Marti 2012 - B"]
[Site "Barcelona ESP"]
[Date "2012.07.17"]
[Round "5.7"]
[White "Maynat Diaz, Jose Antonio"]
[Black "Cervello I Tost, Roger"]
[Result "1/2-1/2"]
[WhiteElo "1906"]
[BlackElo "1842"]
[PlyCount "119"]
[EventDate "2012.07.13"]
[EventType "swiss"]
[EventRounds "9"]
[EventCountry "ESP"]
[SourceTitle "Ajedrez en Madrid"]
[Source "lmi"]
[SourceDate "2012.07.13"]
[SourceVersion "1"]
[SourceVersionDate "2019.06.21"]
[SourceQuality "1"]

1. e4 e5 2. Nf3 Nc6 3. Bc4 Bc5 4. c3 Nf6 5. d3 d6 6. Nbd2 h6 7. a4 a5 8. O-O
O-O 9. h3 Kh8 10. Nb3 Ba7 11. Bd2 Nh7 12. Bd5 Ne7 13. Nc1 f5 14. Be3 Bb8 15.
Ba2 f4 16. Bd2 g5 17. Nh2 Qe8 18. d4 Qg6 19. dxe5 dxe5 20. Re1 Rd8 21. Qe2 Nf6
22. Nd3 Nc6 23. Nf3 Re8 24. Bd5 g4 25. Nh4 Qg5 26. g3 gxh3 27. Bxc6 Ba7 28. Kh1
bxc6 29. Nxe5 Rxe5 30. Bxf4 Ng4 31. Bxg5 Rxg5 32. f3 Nf2+ 33. Kh2 Bc5 34. Nf5
Ba6 35. Qd2 Rag8 36. Nxh6 Rxg3 37. Nf7+ Kg7 38. Kxg3 Kxf7+ 39. Kf4 Nd3+ 40.
Qxd3 Bxd3 41. Rad1 Bf2 42. Rh1 Bc2 43. Rd2 Bg3+ 44. Ke3 Bxa4 45. Rxh3 c5 46.
Rd5 Bd6 47. Rh7+ Kg6 48. Rh4 Rf8 49. f4 Re8 50. Rg5+ Kf7 51. Rh7+ Kf8 52. Rh8+
Kf7 53. Rxe8 Kxe8 54. e5 Be7 55. Rg6 c6 56. e6 Bc2 57. Rh6 Bf5 58. Rh8+ Bf8 59.
Rh5 Bxe6 60. Re5 1/2-1/2

[Event "14. Obert Int. Sant Marti 2012 - B"]
[Site "Barcelona ESP"]
[Date "2012.07.17"]
[Round "5.8"]
[White "Escofet Llongueras, Joan"]
[Black "Gil Gil, Antoni"]
[Result "1-0"]
[WhiteElo "1828"]
[BlackElo "1969"]
[PlyCount "43"]
[EventDate "2012.07.13"]
[EventType "swiss"]
[EventRounds "9"]
[EventCountry "ESP"]
[SourceTitle "Ajedrez en Madrid"]
[Source "lmi"]
[SourceDate "2012.07.13"]
[SourceVersion "1"]
[SourceVersionDate "2019.06.21"]
[SourceQuality "1"]

1. c4 e5 2. Nc3 Nf6 3. g3 Bc5 4. Bg2 c6 5. e3 O-O 6. Nge2 d5 7. cxd5 cxd5 8. d4
exd4 9. exd4 Bb6 10. O-O Nc6 11. Bg5 Bg4 12. Bxf6 Qxf6 13. Nxd5 Qd6 14. Nxb6
Bxe2 15. Qxe2 Nxd4 16. Qe4 Qxb6 17. Rad1 Nc6 18. Rfe1 Qxb2 19. Rb1 Qxa2 20.
Rxb7 Na5 21. Re7 Nb3 22. Qxa8 1-0

[Event "14. Obert Int. Sant Marti 2012 - B"]
[Site "Barcelona ESP"]
[Date "2012.07.17"]
[Round "5.11"]
[White "Rodriguez Martin, Manuel Maria"]
[Black "Vidal Rius, Enric"]
[Result "0-1"]
[WhiteElo "1817"]
[BlackElo "1955"]
[PlyCount "88"]
[EventDate "2012.07.13"]
[EventType "swiss"]
[EventRounds "9"]
[EventCountry "ESP"]
[SourceTitle "Ajedrez en Madrid"]
[Source "lmi"]
[SourceDate "2012.07.13"]
[SourceVersion "1"]
[SourceVersionDate "2019.06.21"]
[SourceQuality "1"]

1. e4 g6 2. d4 Bg7 3. Nf3 d6 4. Be3 Nf6 5. h3 Nxe4 6. Bd3 Nf6 7. Qd2 Nc6 8. g4
e5 9. Nc3 exd4 10. Nxd4 Nxd4 11. Bxd4 Qe7+ 12. Be2 O-O 13. O-O-O c5 14. Be3 d5
15. Nxd5 Nxd5 16. Qxd5 Qf6 17. c3 Be6 18. Qf3 Qe7 19. Kb1 b5 20. Bf4 Qe8 21.
Bd6 b4 22. cxb4 cxb4 23. Rd3 a5 24. Bxf8 Bxf8 25. Rhd1 Rc8 26. Qb7 Rb8 27. Qc7
Rc8 28. Rd8 Bxa2+ 29. Ka1 Qa4 30. Bb5 Qxd1+ 31. Rxd1 Rxc7 32. Kxa2 Rc2 33. f4
Be7 34. Kb3 Rh2 35. Rd3 Bf6 36. Ka4 Bxb2 37. Kxa5 Bc3 38. Bc4 Rd2 39. Re3 Rd4
40. Re8+ Kg7 41. Rc8 Rxf4 42. Rc7 b3+ 43. Ka4 Rxc4+ 44. Rxc4 b2 0-1

[Event "14. Obert Int. Sant Marti 2012 - B"]
[Site "Barcelona ESP"]
[Date "2012.07.17"]
[Round "5.12"]
[White "Pariente Lopez, Eduard"]
[Black "Fatourou, Eleni"]
[Result "1-0"]
[WhiteElo "1979"]
[BlackElo "1830"]
[PlyCount "81"]
[EventDate "2012.07.13"]
[EventType "swiss"]
[EventRounds "9"]
[EventCountry "ESP"]
[SourceTitle "Ajedrez en Madrid"]
[Source "lmi"]
[SourceDate "2012.07.13"]
[SourceVersion "1"]
[SourceVersionDate "2019.06.21"]
[SourceQuality "1"]

1. e4 d5 2. exd5 Qxd5 3. d4 e5 4. dxe5 Qxe5+ 5. Be2 Bg4 6. h3 Bxe2 7. Qxe2 Nc6
8. Bf4 Qxe2+ 9. Nxe2 O-O-O 10. Nbc3 Nf6 11. O-O Bd6 12. Bg5 Be5 13. f4 Bxc3 14.
Nxc3 Rd2 15. Rf2 Rhd8 16. Raf1 Nb4 17. Bxf6 gxf6 18. Ne4 Rxc2 19. Rxc2 Nxc2 20.
Nxf6 h6 21. a3 Rd2 22. Rf2 Rd1+ 23. Kh2 Ne3 24. Kg3 Rd6 25. Ne4 Rd3 26. Kh4 Rd5
27. g4 Rd4 28. Nc3 Nd5 29. Nxd5 Rxd5 30. f5 Kd7 31. Kh5 Rd3 32. h4 Rd6 33. f6
Rd4 34. Re2 Rf4 35. Re7+ Kd6 36. Rxf7 a5 37. Rh7 b5 38. Rxh6 c5 39. Kg5 Ke5 40.
Rh8 Rf2 41. Re8+ 1-0

[Event "14. Obert Int. Sant Marti 2012 - B"]
[Site "Barcelona ESP"]
[Date "2012.07.18"]
[Round "6.1"]
[White "Perez Garcia, Jose Miguel"]
[Black "Gisbert Mir, Alejandro"]
[Result "1/2-1/2"]
[WhiteElo "1967"]
[BlackElo "1788"]
[PlyCount "92"]
[EventDate "2012.07.13"]
[EventType "swiss"]
[EventRounds "9"]
[EventCountry "ESP"]
[SourceTitle "Ajedrez en Madrid"]
[Source "lmi"]
[SourceDate "2012.07.13"]
[SourceVersion "1"]
[SourceVersionDate "2019.06.21"]
[SourceQuality "1"]

1. c4 e5 2. g3 Nc6 3. Bg2 Nf6 4. Nc3 Bb4 5. Nd5 Bc5 6. d3 h6 7. e3 O-O 8. Ne2
d6 9. Nec3 a5 10. a3 Nxd5 11. Nxd5 Ne7 12. O-O c6 13. Nxe7+ Qxe7 14. d4 Ba7 15.
b4 Be6 16. d5 cxd5 17. cxd5 Bd7 18. bxa5 Bb5 19. Re1 Bc5 20. Bd2 Rfb8 21. Bb4
b6 22. axb6 Rxb6 23. Bxc5 dxc5 24. d6 Rxd6 25. Bxa8 Rxd1 26. Rexd1 e4 27. Rd2
Bd3 28. f3 c4 29. Bxe4 Bxe4 30. fxe4 Qxe4 31. Re2 Qd3 32. Raa2 Qd1+ 33. Kg2 Qa4
34. Rec2 Kf8 35. Rc3 Qc6+ 36. Kg1 Qb5 37. Rac2 Qa4 38. Kf2 Ke7 39. Rd2 Qa5 40.
Rdc2 Qa4 41. Rxc4 Qxa3 42. Rc7+ Ke6 43. R2c6+ Kd5 44. Rc2 Ke6 45. R7c3 Qb4 46.
Rc4 Qa3 1/2-1/2

[Event "14. Obert Int. Sant Marti 2012 - B"]
[Site "Barcelona ESP"]
[Date "2012.07.18"]
[Round "6.2"]
[White "Llopis Jordan, Lluis"]
[Black "Lozano Diaz, Antoni"]
[Result "1/2-1/2"]
[WhiteElo "1754"]
[BlackElo "1893"]
[PlyCount "20"]
[EventDate "2012.07.13"]
[EventType "swiss"]
[EventRounds "9"]
[EventCountry "ESP"]
[SourceTitle "Ajedrez en Madrid"]
[Source "lmi"]
[SourceDate "2012.07.13"]
[SourceVersion "1"]
[SourceVersionDate "2019.06.21"]
[SourceQuality "1"]

1. d4 d5 2. c4 c6 3. Nc3 dxc4 4. e4 b5 5. Nge2 Nf6 6. f3 e6 7. a3 Be7 8. Ng3
Nbd7 9. Be2 Nb6 10. O-O O-O 1/2-1/2

[Event "14. Obert Int. Sant Marti 2012 - B"]
[Site "Barcelona ESP"]
[Date "2012.07.18"]
[Round "6.3"]
[White "Dayan Sutton, Isaac"]
[Black "Vargas Ramirez, Ana Maria"]
[Result "1-0"]
[WhiteElo "1891"]
[BlackElo "1831"]
[PlyCount "61"]
[EventDate "2012.07.13"]
[EventType "swiss"]
[EventRounds "9"]
[EventCountry "ESP"]
[SourceTitle "Ajedrez en Madrid"]
[Source "lmi"]
[SourceDate "2012.07.13"]
[SourceVersion "1"]
[SourceVersionDate "2019.06.21"]
[SourceQuality "1"]

1. e4 c5 2. Nf3 e6 3. d3 d5 4. Qe2 dxe4 5. dxe4 Nc6 6. g3 e5 7. Bg2 Bg4 8. c3
Nf6 9. h3 Be6 10. O-O h6 11. Rd1 Qc7 12. Nh2 Be7 13. Na3 O-O 14. b3 Rad8 15.
Bb2 Qc8 16. h4 a6 17. Nc4 b5 18. Nb6 Qb8 19. Nd5 Rd7 20. Nf1 Ng4 21. Rd2 Kh8
22. Rad1 Rfd8 23. Bh3 Nxf2 24. Bxe6 Nxd1 25. Bxd7 Nxc3 26. Nxc3 Nd4 27. Qg4 Qc7
28. Bf5 g6 29. Bxg6 Rg8 30. Nd5 Rxg6 31. Qxg6 1-0

[Event "14. Obert Int. Sant Marti 2012 - B"]
[Site "Barcelona ESP"]
[Date "2012.07.18"]
[Round "6.4"]
[White "Castrillo Mansego, Pablo"]
[Black "Jover Font, Pau"]
[Result "1-0"]
[WhiteElo "1969"]
[BlackElo "1838"]
[PlyCount "145"]
[EventDate "2012.07.13"]
[EventType "swiss"]
[EventRounds "9"]
[EventCountry "ESP"]
[SourceTitle "Ajedrez en Madrid"]
[Source "lmi"]
[SourceDate "2012.07.13"]
[SourceVersion "1"]
[SourceVersionDate "2019.06.21"]
[SourceQuality "1"]

1. e4 e5 2. Nf3 Nc6 3. Nc3 Nf6 4. d4 exd4 5. Nxd4 Bb4 6. Nxc6 bxc6 7. Bd3 d5 8.
exd5 cxd5 9. O-O O-O 10. Bg5 c6 11. Ne2 Bg4 12. c3 Be7 13. Qa4 Qd7 14. Nd4 c5
15. Qxd7 Bxd7 16. Nf5 Bd8 17. Rfe1 Be6 18. Bf4 Ne8 19. Rad1 g6 20. Ne3 Bc7 21.
Bh6 Ng7 22. Bb5 Rab8 23. a4 d4 24. cxd4 cxd4 25. Rxd4 Be5 26. Rd2 Rfd8 27. Red1
Rxd2 28. Rxd2 Bb3 29. Rd3 Be6 30. b3 Nf5 31. Nxf5 Bxf5 32. Rd5 Bc7 33. Bc4 Be6
34. Rb5 Rxb5 35. axb5 Bd7 36. f4 Bb6+ 37. Kf1 Bd4 38. Ke2 Bg7 39. Bxg7 Kxg7 40.
Ke3 Kf6 41. Kd4 Kf5 42. g3 Kg4 43. Kc5 Kh3 44. Kd6 Bf5 45. Kc7 Kxh2 46. g4 Bxg4
47. Kb8 Bf3 48. Bxf7 Kg3 49. Kxa7 Kxf4 50. b6 g5 51. b7 Bxb7 52. Kxb7 g4 53. b4
h5 54. b5 h4 55. b6 g3 56. Bd5 h3 57. Kc6 g2 58. b7 g1=Q 59. b8=Q+ Kf5 60. Qf8+
Ke5 61. Qh8+ Kf4 62. Qb8+ Kf5 63. Qf8+ Ke5 64. Qd6+ Kf5 65. Qe6+ Kf4 66. Qf6+
Kg3 67. Qe5+ Kf2 68. Qd4+ Kf1 69. Qd1+ Kf2 70. Qf3+ Ke1 71. Qc3+ Kf2 72. Qd2+
Kf1 73. Bc4# 1-0

[Event "14. Obert Int. Sant Marti 2012 - B"]
[Site "Barcelona ESP"]
[Date "2012.07.18"]
[Round "6.5"]
[White "Vidal Rius, Enric"]
[Black "Barragan Hernandez, Manel"]
[Result "0-1"]
[WhiteElo "1955"]
[BlackElo "1832"]
[PlyCount "162"]
[EventDate "2012.07.13"]
[EventType "swiss"]
[EventRounds "9"]
[EventCountry "ESP"]
[SourceTitle "Ajedrez en Madrid"]
[Source "lmi"]
[SourceDate "2012.07.13"]
[SourceVersion "1"]
[SourceVersionDate "2019.06.21"]
[SourceQuality "1"]

1. f4 e5 2. fxe5 d6 3. Nf3 dxe5 4. e4 Nc6 5. Bb5 Bd7 6. O-O Bc5+ 7. Kh1 Qe7 8.
Bxc6 Bxc6 9. d3 O-O-O 10. Qe2 f6 11. Be3 Nh6 12. Nbd2 Nf7 13. a4 h5 14. Nh4 Rh7
15. a5 Kb8 16. Rab1 Bxe3 17. Qxe3 Nd6 18. b4 g5 19. Nf5 Nxf5 20. Rxf5 Bd7 21.
Rff1 Rf7 22. b5 b6 23. Nc4 Qe6 24. axb6 cxb6 25. Rb3 Bc8 26. Ra1 Rb7 27. Qf2 f5
28. Qxf5 Qxc4 29. dxc4 Bxf5 30. exf5 Rd2 31. Re3 Rxc2 32. Rf1 Rxc4 33. Rxe5 Rf7
34. Kg1 Rc5 35. Rxc5 bxc5 36. g4 h4 37. Rd1 Kc7 38. Kf2 Kb6 39. Rd6+ Kxb5 40.
Ke3 Re7+ 41. Kd3 c4+ 42. Kd4 Re2 43. Rg6 Rxh2 44. Rxg5 Kb4 45. f6 Rd2+ 46. Ke3
c3 47. f7 Rd8 48. Rg8 c2 49. Rxd8 c1=Q+ 50. Rd2 Qc3+ 51. Rd3 Qe5+ 52. Kf2 Qc5+
53. Kg2 Qc2+ 54. Kg1 Qc1+ 55. Kg2 Qf4 56. Rf3 Qxg4+ 57. Kf2 Qd4+ 58. Kg2 Qg7+
59. Kh3 Qf8 60. Kxh4 a5 61. Kg5 a4 62. Kg6 a3 63. Rf4+ Kc5 64. Rf5+ Kd6 65. Ra5
Kc6 66. Ra6+ Kb5 67. Re6 a2 68. Re5+ Kc4 69. Re4+ Kd5 70. Ra4 Qd6+ 71. Kg7 Qe5+
72. Kg8 Qg5+ 73. Kh7 Qf6 74. Kg8 Qg6+ 75. Kf8 Qc2 76. Ra5+ Ke6 77. Ra6+ Kf5 78.
Ra5+ Kg6 79. Ra6+ Kh7 80. Ra7 Qc5+ 81. Ke8 Qxa7 0-1

[Event "14. Obert Int. Sant Marti 2012 - B"]
[Site "Barcelona ESP"]
[Date "2012.07.18"]
[Round "6.6"]
[White "Ligero Martinez, Jesus"]
[Black "Pariente Lopez, Eduard"]
[Result "0-1"]
[WhiteElo "1877"]
[BlackElo "1979"]
[PlyCount "102"]
[EventDate "2012.07.13"]
[EventType "swiss"]
[EventRounds "9"]
[EventCountry "ESP"]
[SourceTitle "Ajedrez en Madrid"]
[Source "lmi"]
[SourceDate "2012.07.13"]
[SourceVersion "1"]
[SourceVersionDate "2019.06.21"]
[SourceQuality "1"]

1. e4 e6 2. d4 d5 3. exd5 exd5 4. Nf3 Bd6 5. c4 c6 6. Nc3 Ne7 7. Qb3 O-O 8. Bg5
Re8 9. O-O-O f6 10. cxd5 Nxd5 11. Bh4 Kh8 12. Nxd5 cxd5 13. Bd3 Nc6 14. Bg3 Na5
15. Qc2 Bg4 16. Kb1 Rc8 17. Qa4 Bd7 18. Bb5 Rc4 19. Bxd7 Rxa4 20. Bxa4 Nc6 21.
Rde1 Rxe1+ 22. Rxe1 Bxg3 23. hxg3 Kg8 24. Bb3 Kf7 25. Rc1 Na5 26. Ba4 a6 27.
Bc2 g6 28. Bd3 b5 29. Re1 Nc4 30. Re2 a5 31. Rc2 Qd6 32. Kc1 Qb4 33. Be2 a4 34.
a3 Qb3 35. Bxc4 bxc4 36. Ng1 Qd3 37. Ne2 g5 38. Rd2 Qe4 39. f3 Qe3 40. g4 Ke6
41. Nc3 f5 42. Kc2 Qf4 43. gxf5+ Qxf5+ 44. Kc1 h5 45. Nxa4 h4 46. Nc3 h3 47.
gxh3 Qxf3 48. Kc2 Qxh3 49. Ne2 Qf5+ 50. Kc1 g4 51. Rd1 Qf3 0-1

[Event "14. Obert Int. Sant Marti 2012 - B"]
[Site "Barcelona ESP"]
[Date "2012.07.18"]
[Round "6.8"]
[White "Cervello I Tost, Roger"]
[Black "Gonzalez Martin, Fernando"]
[Result "0-1"]
[WhiteElo "1842"]
[BlackElo "1925"]
[PlyCount "124"]
[EventDate "2012.07.13"]
[EventType "swiss"]
[EventRounds "9"]
[EventCountry "ESP"]
[SourceTitle "Ajedrez en Madrid"]
[Source "lmi"]
[SourceDate "2012.07.13"]
[SourceVersion "1"]
[SourceVersionDate "2019.06.21"]
[SourceQuality "1"]

1. e4 c5 2. d4 cxd4 3. c3 Nf6 4. e5 Nd5 5. cxd4 d6 6. Nf3 Nc6 7. Be2 e6 8. O-O
Be7 9. Nbd2 O-O 10. Ne4 dxe5 11. dxe5 Ndb4 12. Bf4 Qxd1 13. Rfxd1 Nd5 14. Bg3
Bd7 15. Rac1 Rfd8 16. Bc4 Nb6 17. Bb3 Be8 18. Nd6 Bxd6 19. exd6 Bd7 20. Nd2 Na5
21. Nc4 Nxb3 22. axb3 Nd5 23. Ne3 Nxe3 24. fxe3 f6 25. b4 a6 26. Rc7 Bc6 27.
Ra1 e5 28. b5 Bxb5 29. Rxb7 Rab8 30. Rxb8 Rxb8 31. Be1 Kf7 32. Ba5 Ke6 33. Bc7
Rb7 34. Rd1 Bd7 35. Ra1 Bb5 36. b4 e4 37. Rd1 Bd3 38. Rc1 Rxb4 39. Rc6 Bb5 40.
Rb6 Rb1+ 41. Kf2 g5 42. Rb7 Rd1 43. Bb8 h5 44. g3 Rd2+ 45. Kg1 Bd7 46. Ba7 Rxd6
47. Rb6 a5 48. Rxd6+ Kxd6 49. Bd4 f5 50. h4 gxh4 51. gxh4 Kd5 52. Bb6 a4 53.
Kf2 a3 54. Kg3 Ba4 55. Kf4 Ke6 56. Bd4 Bd1 57. Kg3 Kd5 58. Bf6 Kc4 59. Kf2 Kb3
60. Ke1 Kc2 61. Be5 a2 62. Bf6 Kb1 0-1

[Event "14. Obert Int. Sant Marti 2012 - B"]
[Site "Barcelona ESP"]
[Date "2012.07.18"]
[Round "6.9"]
[White "Castillo Escario, Yolanda"]
[Black "Liarte Genoves, Sergi"]
[Result "1/2-1/2"]
[WhiteElo "1897"]
[BlackElo "1799"]
[PlyCount "97"]
[EventDate "2012.07.13"]
[EventType "swiss"]
[EventRounds "9"]
[EventCountry "ESP"]
[SourceTitle "Ajedrez en Madrid"]
[Source "lmi"]
[SourceDate "2012.07.13"]
[SourceVersion "1"]
[SourceVersionDate "2019.06.21"]
[SourceQuality "1"]

1. e4 c5 2. Nf3 Nc6 3. d4 cxd4 4. Nxd4 d5 5. exd5 Qxd5 6. Be3 Nf6 7. Nc3 Qd6 8.
Nxc6 bxc6 9. Bc4 Bf5 10. Qf3 Bg4 11. Qf4 Qxf4 12. Bxf4 Nd7 13. f3 e5 14. Be3
Bf5 15. O-O-O Bc5 16. Rhe1 f6 17. g4 Bg6 18. Bxc5 Nxc5 19. f4 Nd7 20. f5 Nb6
21. Ba6 Bf7 22. Bb7 Rb8 23. Bxc6+ Ke7 24. Nd5+ Bxd5 25. Bxd5 h5 26. g5 Na4 27.
Bb3 Nc5 28. Rd5 Nxb3+ 29. axb3 h4 30. gxf6+ gxf6 31. Red1 Rb7 32. Rg1 Kf7 33.
Kd2 Rh5 34. Rf1 Rg5 35. Ke3 Ke7 36. Ra5 Rd7 37. Ra4 Rg2 38. Rxh4 Rxc2 39. Rf2
Rxf2 40. Kxf2 Rd2+ 41. Kg3 Rxb2 42. Rb4 a5 43. Rb5 Ra2 44. h4 a4 45. bxa4 Rxa4
46. Rb7+ Kf8 47. Rb6 Kf7 48. Rb7+ Kf8 49. Rb6 1/2-1/2

[Event "14. Obert Int. Sant Marti 2012 - B"]
[Site "Barcelona ESP"]
[Date "2012.07.18"]
[Round "6.12"]
[White "Serra Vilaro, Agustin"]
[Black "Barba Rios, Enric"]
[Result "1/2-1/2"]
[WhiteElo "1867"]
[BlackElo "1967"]
[PlyCount "145"]
[EventDate "2012.07.13"]
[EventType "swiss"]
[EventRounds "9"]
[EventCountry "ESP"]
[SourceTitle "Ajedrez en Madrid"]
[Source "lmi"]
[SourceDate "2012.07.13"]
[SourceVersion "1"]
[SourceVersionDate "2019.06.21"]
[SourceQuality "1"]

1. d4 d5 2. c3 Nf6 3. Nd2 Nbd7 4. f4 Ne4 5. Nxe4 dxe4 6. Nh3 f5 7. e3 Nf6 8.
Bc4 e6 9. Bd2 Nd5 10. Bb3 c6 11. a3 b6 12. c4 Nf6 13. Bc3 Ng4 14. Qd2 Qh4+ 15.
Kd1 Bb7 16. Kc2 h6 17. Rad1 O-O-O 18. Kb1 c5 19. Qe2 Rg8 20. Be1 Qe7 21. Bc3
Qf7 22. Rd2 Be7 23. Nf2 Nf6 24. Rhd1 Rd7 25. Ba4 Rdd8 26. Bb3 g5 27. Nh3 g4 28.
Ng1 Rge8 29. Qf2 Kb8 30. Ba4 Rg8 31. Ne2 Ba6 32. b3 Bb7 33. dxc5 bxc5 34. Be5+
Ka8 35. Nc3 a6 36. Bc7 Rc8 37. Bb6 Bc6 38. Ka2 Kb7 39. Ba5 Rge8 40. Qe2 Qf8 41.
Rb2 Bd8 42. b4 Bxa5 43. bxa5+ Ka7 44. Rdb1 Re7 45. Rb6 Bb7 46. Qb2 Rcc7 47. Rd6
Qc8 48. Qb6+ Ka8 49. Qb2 Nd7 50. Bxd7 Rcxd7 51. Rxd7 Qxd7 52. Qb6 Qc7 53. Qxc7
Rxc7 54. Rd1 Bc6 55. Rd6 Kb7 56. Kb3 Re7 57. Na4 Kc7 58. Rd2 Bxa4+ 59. Kxa4 Re8
60. Kb3 h5 61. Kc3 Rb8 62. Rb2 Rd8 63. Rd2 Rb8 64. Rb2 Rd8 65. Rd2 Rxd2 66.
Kxd2 Kd6 67. Ke2 e5 68. fxe5+ Kxe5 69. g3 Kf6 70. Kf2 Kg5 71. Kg2 h4 72. Kf2
Kh5 73. Ke2 1/2-1/2

[Event "14. Obert Int. Sant Marti 2012 - B"]
[Site "Barcelona ESP"]
[Date "2012.07.19"]
[Round "7.1"]
[White "Gisbert Mir, Alejandro"]
[Black "Dayan Sutton, Isaac"]
[Result "0-1"]
[WhiteElo "1788"]
[BlackElo "1891"]
[PlyCount "44"]
[EventDate "2012.07.13"]
[EventType "swiss"]
[EventRounds "9"]
[EventCountry "ESP"]
[SourceTitle "Ajedrez en Madrid"]
[Source "lmi"]
[SourceDate "2012.07.13"]
[SourceVersion "1"]
[SourceVersionDate "2019.06.21"]
[SourceQuality "1"]

1. d4 Nf6 2. c4 g6 3. Nc3 Bg7 4. e4 d6 5. f3 O-O 6. Be3 e5 7. d5 a5 8. Qd2 Na6
9. Bd3 b6 10. Nge2 Nc5 11. Bc2 Bd7 12. O-O Ne8 13. Rad1 f5 14. exf5 gxf5 15.
Bg5 Nf6 16. Ng3 f4 17. Nge4 Nfxe4 18. Bxd8 Nxd2 19. Bxc7 Nxc4 20. b3 Ne3 21.
Be4 Nxf1 22. Kxf1 Rfc8 0-1

[Event "14. Obert Int. Sant Marti 2012 - B"]
[Site "Barcelona ESP"]
[Date "2012.07.19"]
[Round "7.2"]
[White "Gonzalez Martin, Fernando"]
[Black "Castrillo Mansego, Pablo"]
[Result "0-1"]
[WhiteElo "1925"]
[BlackElo "1969"]
[PlyCount "72"]
[EventDate "2012.07.13"]
[EventType "swiss"]
[EventRounds "9"]
[EventCountry "ESP"]
[SourceTitle "Ajedrez en Madrid"]
[Source "lmi"]
[SourceDate "2012.07.13"]
[SourceVersion "1"]
[SourceVersionDate "2019.06.21"]
[SourceQuality "1"]

1. d4 b6 2. Nf3 Bb7 3. g3 f5 4. Bg2 Nf6 5. O-O e6 6. c4 Be7 7. Nc3 O-O 8. b3
Ne4 9. Qc2 Nxc3 10. Qxc3 Bf6 11. Qd2 Nc6 12. Bb2 Rb8 13. Ne5 Qe8 14. f4 d6 15.
Nf3 Qg6 16. Rac1 h5 17. e3 Ne7 18. c5 dxc5 19. dxc5 Rfd8 20. Qf2 Bxf3 21. Bxf3
Rd3 22. Bxf6 Qxf6 23. Bxh5 Rbd8 24. Rfd1 Rxd1+ 25. Bxd1 bxc5 26. Bf3 Nd5 27.
Rxc5 Qa1+ 28. Kg2 Nb4 29. Rxc7 Nd3 30. Qe2 Ne1+ 31. Kh3 Rf8 32. Rxa7 Rf6 33. g4
Rh6+ 34. Kg3 Nxf3 35. Qxf3 Qg1+ 36. Qg2 Qxe3+ 0-1